Southville International School and Colleges
Your cart is empty.
  • Cart
  • Lists
    Public lists Eva Luna New books Lux_list list_1
    Your lists Log in to create your own lists
  • Log in to your account
  • Your cookies
  • Search history
Southville International School and Colleges
  • Advanced search
  • Recent comments
  • Most popular
  • Libraries

Log in to your account

Log in with GOOGLE


If you do not have an external account, but do have a local account, you can still log in:

  1. Home
  2. MARC view: Biochemistry
Normal view MARC view ISBD view

Biochemistry (Record no. 16447)

[ view plain ]
MARC details
000 -LEADER
fixed length control field 00554nam a22002057a 4500
003 - CONTROL NUMBER IDENTIFIER
control field OSt
005 - DATE AND TIME OF LATEST TRANSACTION
control field 20140310182824.0
008 - FIXED-LENGTH DATA ELEMENTS--GENERAL INFORMATION
fixed length control field 130525t xxu||||| |||| 00| 0 eng d
020 ## - INTERNATIONAL STANDARD BOOK NUMBER
International Standard Book Number 9789814272841
050 ## - LIBRARY OF CONGRESS CALL NUMBER
Classification number QD 415
Item number .St874 2011
082 ## - DEWEY DECIMAL CLASSIFICATION NUMBER
Classification number M 574.19
Item number S874 2011
245 ## - TITLE STATEMENT
Title Biochemistry
Statement of responsibility, etc Stoker, H. Stephen
260 ## - PUBLICATION, DISTRIBUTION, ETC. (IMPRINT)
Place of publication, distribution, etc Philippines, Pasig City
Name of publisher, distributor, etc Cengage Learning Asia Pte Ltd
Date of publication, distribution, etc c2011
300 ## - PHYSICAL DESCRIPTION
Extent 504 p. ;
Other physical details ill.
Dimensions 23 cm.
521 ## - TARGET AUDIENCE NOTE
Target audience note
526 ## - STUDY PROGRAM INFORMATION NOTE
Reading level 1210L-1700L
541 ## - IMMEDIATE SOURCE OF ACQUISITION NOTE
-- 1
562 ## - COPY AND VERSION IDENTIFICATION NOTE
Number of copies 1
942 ## - ADDED ENTRY ELEMENTS (KOHA)
Source of classification or shelving scheme Library of Congress Classification
Koha item type Books
Call number prefix
Holdings
Withdrawn status Lost status Source of classification or shelving scheme Damaged status Home library Current library Shelving location Date acquired Total Checkouts Total Renewals Full call number Barcode Date last seen Date checked out Copy number Price effective from Koha item type
    Library of Congress Classification   College Library College Library General Circulation Section 05/25/2013 9 40 QD 415 .St874 2011 C13569 09/11/2025 09/04/2025 1 11/14/2013 Books

Biochemistry

APA

(2011). Biochemistry. Philippines, Pasig City: Cengage Learning Asia Pte Ltd.

Chicago

2011. Biochemistry. Philippines, Pasig City: Cengage Learning Asia Pte Ltd.

Harvard

(2011). Biochemistry. Philippines, Pasig City: Cengage Learning Asia Pte Ltd.

MLA

Biochemistry. Philippines, Pasig City: Cengage Learning Asia Pte Ltd. 2011.

  • Place hold
  • Print
  • Cite
  • Add to your cart (remove)
  • Save record
    BIBTEX Dublin Core MARCXML MARC (non-Unicode/MARC-8) MARC (Unicode/UTF-8) MARC (Unicode/UTF-8, Standard) MODS (XML) RIS
  • More searches
    Search for this title in:
    Other Libraries (WorldCat) Other Databases (Google Scholar) Online Stores (Bookfinder.com) Open Library (openlibrary.org)

Exporting to Dublin Core...

SOUTHVILLE LIBRARY

Southville International School and Colleges Library

1281 Tropical Ave. Cor. Luxembourg St., BF Homes International, Las Pinas City

Tel. No. 8256374 / 252358 Loc. 117/146

Powered by Koha